000
00311nam a2200133Ia 4500
005
20251222141907.0
008
251222s9999||||xx |||||||||||||| ||spa||
082
_a
344.1/V47
100
_a
Vera Paredes, IsaĆas
245
0
_a
Compendio Laboral:
250
_a
2a.ed.
264
_b
Impresores Surco
942
_c
LIB
999
_c
8252
_d
8252